ARAPÇA SARF-NAHİV TERİMLERİ SÖZLÜĞÜ (Record no. 886219)

MARC details
000 -LEADER
sabit uzunluktaki kontrol alanı 00276nam a2200097Ia 4500
001 - KONTROL NUMARASI
kontrol alanı 886219
005 - EN SON İŞLEMİN TARİH VE ZAMANI
kontrol alanı 20250826182812.0
008 - SABİT-UZUNLUKTA VERİ ÖĞELERİ--GENEL BİLGİ
sabit uzunluktaki kontrol alanı 250824s9999 xx 000 0 und d
245 #0 - ESER / YAZAR
ESER ADI ARAPÇA SARF-NAHİV TERİMLERİ SÖZLÜĞÜ
Yazar Adı TACETTİN UZUN
260 ## - YAYIN, DAĞITIM, VB.
YAYIN EVİ KİTAP DÜNYASI YAYINLARI
Holdings
Düşüm durumu Kayıp durumu Hasar Durumu Ödünç verilmez Ana kütüphane Geçerli Kütüphane Edinilen tarih Toplam ödünç verme sayısı Barkod Son görüntüleme tarihi Fiyatın geçerli olmaya başladığı tarih Koha materyal türü
        KAŞGARLI MAHMUT ORTAOKULU KAŞGARLI MAHMUT ORTAOKULU 24.08.2025   10643649 26.08.2025 26.08.2025 Books